000 nam a22 7a 4500
999 _c40602
_d40602
003 OSt
005 20170922164357.0
008 170922b xxu||||| |||| 00| 0 eng d
040 _csero soft
100 _aOommen,T.K
245 _aSociology
260 _aLucknow
_bEastern book company
_c23/04/2017
300 _a420
942 _2ddc
_c01